banner-ar

تاريخ العلم والتكنولوجيا(القرنان الثامن عشر والتاسع عشر) / (Record no. 28790)

MARC details
000 -الفاتح
حقل البيانات ثابتة الطول 00670nam a2200181Ia 4500
008 - عناصر البيانات ثابتة الطول - معلومات عامة
حقل البيانات ثابتة الطول 140319s9999 xx 000 0 ara d
040 ## - مصدر الفهرسة
وكالة الفهرسة الأصلية GCL /
وكالة النسخ GCL
082 04 - رقم تصنيف ديوى العشرى
رقم التصنيف 509
رقم المادة ف ت
100 1# - المدخل الرئيسى - إسم شخصى
الإسم الشخصى اسامة امين الخولى
245 10 - بيان العنوان
العنوان تاريخ العلم والتكنولوجيا(القرنان الثامن عشر والتاسع عشر) /
بيان المسئوليه,etc اسامة امين الخولى
700 1# - المدخل الاضافى - اسم شخصى
الإسم الشخصى فوربس، ر.ج
700 1# - المدخل الاضافى - اسم شخصى
الإسم الشخصى هوز. ا.ج. ريكستر
700 1# - المدخل الاضافى - اسم شخصى
الإسم الشخصى محمد مرسى احمد
260 ## - PUBLICATION, DISTRIBUTION, ETC. (IMPRINT)
تاريخ النشر أو التوزيع 1992
300 ## - الوصف المادى
التعداد 282
490 ## - بيان السلسلة
عنوان السلسلة الالف كتاب الثانى
رقم المجلد/ التعيين التسلسلي 0
260 ## - PUBLICATION, DISTRIBUTION, ETC. (IMPRINT)
-- [S.N] :
-- الهيئة المصرية العامة للكتاب ،
Holdings
حالة التراجع حالة الفقد حالة تلف ليس للاعارة المكان المؤقت الموقع الحالى تاريخ الاكتساب اجمالي اﻻعارات رقم الطلب الباركود تاريخ اخر مشاهدة تاريخ تفعيل السعر نوع وعاء كوها
        مكتبة القاهرة الكبرى مكتبة القاهرة الكبرى 03/26/2014   509\ف ت 65673 03/26/2014 03/26/2014 كتاب
        مكتبة القاهرة الكبرى مكتبة القاهرة الكبرى 03/26/2014   509\ف ت 65674 03/26/2014 03/26/2014 كتاب
        مكتبة القاهرة الكبرى مكتبة القاهرة الكبرى 03/26/2014   509\ف ت 65675 03/26/2014 03/26/2014 كتاب

Powered By

EGPV